| 000 | 009480000a22002290004500 | ||
|---|---|---|---|
| 001 | 19874 | ||
| 003 | CO-MdBIC | ||
| 020 | _a978-958-58452-3-7 | ||
| 040 | _bspa. | ||
| 082 | 0 | 4 | _aG 232.12 C648m |
| 100 | 1 | _aClowney, Edmund P. | |
| 245 | 1 | 0 | _aEl misterio revelado : descubriendo a Cristo en el Antiguo Testamento / Edmund p. Clowney ; traducido por Cynthia Verónica Pérez de Canales |
| 260 | _aMedellín, Colombia : Poieima | ||
| 300 | _a217 páginas | ||
| 336 |
_atexto _btxt _2rdacontent |
||
| 337 |
_2rdamedia _asin mediación _bn |
||
| 338 |
_2rdacarrier _avolumen _bnc |
||
| 500 | _aTítulo original en inglés: The Unfolding Mystery: Discovering Christ in the Old Testament | ||
| 501 | _arústico | ||
| 505 | 0 | 0 | _aEl Nuevo Hombre -- El Hijo de la Mujer -- El Hijo de Abraham -- El Heredero de la Promesa -- El Señor y Su Siervo -- La Roca de Moisés -- El Ungido del Señor -- El príncipe de Paz -- El Señor que Vendrá |
| 942 | _cBK | ||
| 999 |
_c46231 _d46231 |
||